• 首页
  • 本馆介绍
  • 公告通知
  • 最新文献
  • 馆藏检索
  • 电子资源
  • 读者导购
  • 参考咨询
  • 我的图书馆
  • 登录
  • 详细信息显示
  • 放入我的书架
  • 预约/预借图书
  • 作者相关作品
  • 分类相关作品
  • 丛书相关作品
  • 出版社相关作品

书目信息

  • 表格格式
  • 工作单格式
  • 卡片格式
题名:
明天是计算机世界
    
 
作者: 周龙骧 著
分册:  
出版信息: 北京   人民邮电出版社  1983
页数: 157页
开本: 19cm
丛书名:
单 册:
中图分类: TP3-49 , G303
科图分类:
主题词: 计算机科学--普及读物 , 科学研究--理论
电子资源:
ISBN:
000 00699nam0 2200265 45
001 0183004917
005 20040505153951.4
010    @dCNY0.61
091    @a15045.2680
100    @a19950623d1983 em y0chiy0121 ea
101 0  @achi
102    @aCN@b110000
105    @ay z 000yy
106    @ar
200 10 @a明天是计算机世界@Aming tian shi ji suan ji shi jie@f周龙骧著
210    @a北京@c人民邮电出版社@d1983
215    @a157页@d19cm
606    @a计算机科学@x普及读物
606 0  @a科学研究@x理论
690    @aTP3-49@v3
690    @aG303
701  0 @a周龙骧@Azhou long xiang@4著
801  0 @aCN@b上海图书馆@c20040505
801  2 @aCN@bNLC@c20040505
905    @f2@b154565-566@dG303@e32
    
    明天是计算机世界/周龙骧著.-北京:人民邮电出版社,1983
    157页;19cm
    
    
    ISBN :CNY0.61
    
●
相关链接 在E读中查询图书 在五车中查询图书 在当当中查询图书 在豆瓣中查询图书


正题名:明天是计算机世界     索取号:G303/32         预约/预借

序号 登录号 条形码 馆藏地/架位号 状态 备注
1 0154565   000988088   密集书库/ [索取号:G303/32] 在馆    
2 0154566   000988097   密集书库/ [索取号:G303/32] 在馆    
3 0154567   000987935   第一样本阅览室/ [索取号:G303/32] 在馆    
唐山师范学院图书馆 欢迎您!
大连网信软件有限公司© 版权所有